|
|
|
|
| LEADER |
00000cam a2200000 7i4500 |
| 001 |
0000000682 |
| 005 |
20020308.0 |
| 090 |
0 |
0 |
|a 658.42
|b ABD 1981
|
| 100 |
0 |
0 |
|a ABDUL Aziz Mahmud
|
| 245 |
1 |
0 |
|a Malay entrepreneurship :
|b Problems in development :
|b A comparative empirical analysis
|c by Abdul Aziz Mahmud
|
| 260 |
0 |
0 |
|a (Kuala Lumpur) :
|b Yunit Penyelidikan Sosioekonomi, Jabatan Perdana Menteri ,
|c 1981
|
| 300 |
|
|
|a 220 p :
|b ill. ;
|c 26 cm.
|
| 440 |
0 |
0 |
|a Occasional paper; n. 7
|
| 500 |
0 |
0 |
|a Bibliography: [p. 171-180]
|a Cover title
|
| 650 |
0 |
0 |
|a Businessmen, Malay
|
| 650 |
0 |
0 |
|a Entrepreneur
|
| 650 |
0 |
0 |
|a Malays
|x Economic conditions
|
| 651 |
0 |
0 |
|a Malaysia
|x Commerce
|
| 998 |
|
|
|a JPSM
|
| 999 |
|
|
|a 0000001769
|b Monograph
|c Open Shelf
|e Default branch
|